000 00721nam a2200229Ii 4500
003 JO-AjNU
008 230605s9999||||xx |||||||||||||| ||und||
017 _a1975/1690
040 _aJO-AjNU
_bara
_erda
_cJO-AjNU
041 _aara
050 1 4 _aPJ7531.D3 1975
100 3 _aتأليف ضيف، شوقي,
_eauthor
_926520
245 0 0 _aالعصر العباسي الثاني
250 _aط2
264 3 1 _aالقاهرة: دار المعارف، 1975
300 _a656ص
336 _atext
_btxt
_2rdacontent
337 _aunmediated
_bn
_2rdamedia
338 _avolume
_bnc
_2rdacarrier
490 0 _aتاريخ الأدب العربي 4
650 4 _aالأدب العربي - العصر العباسي
_926521
999 _aA10058
_c13626
_d13626